000 00332nam a2200145Ia 4500
008 230718s9999 xx 000 0 und d
041 _aEng.
082 _a346.051
_bMAC-J
100 _aMachay hain, V. J.
245 0 _aJurisprudence
260 _aPakistan
_bMan2008 1awber
_c2005
300 _a741
650 _aLaw
999 _c29117
_d29117